Construcción de un equipo de sonido
Kaydedildi:
| Yazar: | |
|---|---|
| Diğer Yazarlar: | |
| Materyal Türü: | Kitap |
| Baskı/Yayın Bilgisi: |
[San José , Costa Rica]
1974
|
| Etiketler: |
Etiketle
Etiket eklenmemiş, İlk siz ekleyin!
|
MARC
| LEADER | 00000nam a2200000Ia 4500 | ||
|---|---|---|---|
| 003 | PIE094 | ||
| 005 | 20231115134119.0 | ||
| 008 | 140116s1974 c a m 000 ||s d | ||
| 040 | |c cru CEDI | ||
| 090 | |a PIE 94 | ||
| 100 | |a Páez Jiménez, José Miguel, 1951- |9 1730 | ||
| 245 | |a Construcción de un equipo de sonido | ||
| 260 | |a [San José , Costa Rica] |c 1974 | ||
| 300 | |a 49 hojas | ||
| 500 | |a A la cabeza de la portada. Universidad de Costa Rica. Facultad de Ingeniería. Escuela de Ingeniería Eléctrica. Escuela de Ingeniería Mecánica e Industrial. Proyecto Eléctrico IE-410. | ||
| 501 | |a Profesor Guía: M. S. Roger Lorenzo B | ||
| 700 | |a Lorenzo B., Roger |d Director de Proyecto Eléctrico |9 1746 | ||
| 942 | |c PIE |h PIE-94 |i PIE094 |6 PIE_94_PIE094 | ||
| 999 | |c 13464 |d 13464 | ||
